Normal view
MARC view
Entry Topical Term
001 - CONTROL NUMBER
- control field: 26082
003 - CONTROL NUMBER IDENTIFIER
- control field: ARRUPE
005 - DATE AND TIME OF LATEST TRANSACTION
- control field: 20160922101515.0
008 - FIXED-LENGTH DATA ELEMENTS
- fixed length control field: 160922|| aca||aabn | a|a d
040 ## - CATALOGING SOURCE
- Original cataloging agency: ARRUPE
- Transcribing agency: ARRUPE
150 ## - HEADING--TOPICAL TERM
- Topical term or geographic name as entry element: Bantu languages
- General subdivision: Grammar.
670 ## - SOURCE DATA FOUND
- Source citation: Work cat.: (ARRUPE)0: Torrend, J. (Jules), 1861-1936 20786, A comparative grammar of the South African Bantu languages,, 1891.